| Tag |
First Indicator |
Second Indicator |
Subfields |
| LEADER |
00000cam a22000001a 4500 |
| 001 |
in00003198213 |
| 006 |
m d f |
| 007 |
cr bn mmmapmmp |
| 008 |
090623s1968 dcu o f000 0 eng d |
| 005 |
20260511194916.9 |
| 035 |
|
|
|a cis2007434124
|
| 040 |
|
|
|a UMI
|c UMI
|d UtOrBLW
|
| 043 |
|
|
|a n-us---
|
| 086 |
0 |
|
|a Y 4.F 76/2:G 76/2
|
| 099 |
|
|
|a HRG-1968-FOR-0009
|
| 110 |
1 |
|
|a United States.
|b Congress.
|b Senate.
|b Ad Hoc Subcommittee on the International Grains Arrangement.
|
| 245 |
1 |
0 |
|a International Grains Arrangement of 1967 :
|b hearings before the United States Senate Committee on Foreign Relations, Ad Hoc Subcommittee on the International Grains Arrangement, Ninetieth Congress, second session, on Mar. 26, Apr. 4, 5, 1968.
|
| 264 |
|
1 |
|a Washington :
|b U.S. G.P.O.,
|c 1968.
|
| 300 |
|
|
|a 1 online resource.
|
| 336 |
|
|
|a text
|b txt
|2 rdacontent
|
| 337 |
|
|
|a computer
|b c
|2 rdamedia
|
| 338 |
|
|
|a online resource
|b cr
|2 rdacarrier
|
| 500 |
|
|
|a Record is based on bibliographic data in ProQuest Congressional Hearings Digital Collection. Reuse except for individual research requires license from ProQuest, LLC.
|
| 520 |
|
|
|a Considers International Grains Agreement, which would reorganize world grain prices and world food aid program.
|
| 538 |
|
|
|a System requirements: PDF reader software.
|
| 500 |
|
|
|a Electronic resource.
|
| 650 |
|
0 |
|a Grain trade.
|
| 650 |
|
0 |
|a Grain trade
|x Law and legislation
|z United States.
|
| 655 |
|
7 |
|a Electronic books.
|2 local
|
| 710 |
2 |
|
|a ProQuest (Firm)
|
| 776 |
0 |
8 |
|i Print version:
|a United States. Congress. Senate. Ad Hoc Subcommittee on the International Grains Arrangement.
|t International Grains Arrangement of 1967
|
| 776 |
0 |
8 |
|i Microfiche version:
|a United States. Congress. Senate. Ad Hoc Subcommittee on the International Grains Arrangement.
|t International Grains Arrangement of 1967.
|d [Bethesda, Md.] : ProQuest,[2004]
|o CIS Hrgs MF Gp 3--(90) S1889-2
|w (ProQuest)cis10803720
|
| 830 |
|
0 |
|a U.S. Congressional Hearings.
|
| 856 |
4 |
0 |
|u http://proxy.library.tamu.edu/login?url=https://congressional.proquest.com/congcomp/getdoc?HEARING-ID=HRG-1968-FOR-0009
|z Connect to the full text of this electronic book
|t 0
|
| 998 |
|
|
|a cis10803720
|
| 999 |
|
|
|a MARS
|
| 999 |
f |
f |
|s b67bdd25-792f-3f98-aba0-068e7e4a4444
|i 836dd2c4-3bce-3e8c-86d0-00927960de11
|t 0
|
| 952 |
f |
f |
|a Texas A&M University
|b College Station
|c Electronic Resources
|s www_evans
|d Available Online
|t 0
|e HRG-1968-FOR-0009
|h Other scheme
|
| 998 |
f |
f |
|a HRG-1968-FOR-0009
|t 0
|l Available Online
|